000 00305nam a22001457a 4500
008 210312b ||||| |||| 00| 0 eng d
020 _a9780131786875
041 _aeng
080 _a94
082 _a94
100 _a19
101 _aSHH
245 _aThe Jews - A History
_cEfron,J
942 _2udc
_cBK
999 _c56520
_d56520